000 00267nam a22001097a 4500
999 _c166768
_d166768
082 _a
_b
100 _aParasuram Chaturvedi
245 _aSanth sahithya ke preran srothru/
_cby Parasuram Chaturvedi.
260 _aNew Delhi:
_bRajpal,
_c
650 _a
942 _cBK